000 00761cam a22002533a 4500
001 14970
003 PGUSA
005 20140828083323.0
008 050208s2005||||xxu|||||s|||||000 | eng d
040 _aPGUSA
_beng
042 _adc
050 4 _aPA
100 1 _aCicero, Marcus Tullius,
_d-106--43
245 1 0 _aAcademica
_h[electronic resource] /
_cMarcus Tullius Cicero
260 _bProject Gutenberg,
_c2005
506 _aPublic domain in the USA.
516 _aElectronic text
653 _aKnowledge, Theory of -- Early works to 1800
653 _aPhilosophy -- Early works to 1800
700 1 _aReid, James S.
_q(James Smith),
_d1846-1926
830 0 _aProject Gutenberg
_v14970
856 4 0 _uhttp://www.gutenberg.org/ebooks/14970
942 _cEB
999 _c244225
_d244225